Democratic Dynasties: (Record no. 102258)
[ view plain ]
| 000 -LEADER | |
|---|---|
| fixed length control field | 01098nam a22002657a 4500 |
| 005 - DATE AND TIME OF LATEST TRANSACTION | |
| control field | 20230301115957.0 |
| 010 ## - LCCN (DPL NO) | |
| LC control number | 1617EN ENG-116927 ENG-136126 |
| 020 ## - INTERNATIONAL STANDARD BOOK NUMBER | |
| International Standard Book Number | 9781316633922 |
| Terms of availability | 495.00 |
| 035 ## - SYSTEM CONTROL NUMBER | |
| System control number | B-649657-663 |
| 035 ## - SYSTEM CONTROL NUMBER | |
| System control number | EN-100459 |
| 035 ## - SYSTEM CONTROL NUMBER | |
| System control number | B-664900 |
| 035 ## - SYSTEM CONTROL NUMBER | |
| System control number | EN-119658 |
| 037 ## - SOURCE OF ACQUISITION | |
| Source of stock number/acquisition | UPPAL |
| Stock number | DPL |
| 037 ## - SOURCE OF ACQUISITION | |
| Source of stock number/acquisition | DBAD/PUB |
| 082 ## - DEWEY DECIMAL CLASSIFICATION NUMBER | |
| Classification number | 320.954 |
| 245 ## - TITLE STATEMENT | |
| Title | Democratic Dynasties: |
| Remainder of title | state, party and family in contemporary India Politics / |
| Statement of responsibility, etc | edited by Kanchan Chandra |
| 260 ## - PUBLICATION, DISTRIBUTION, ETC. (IMPRINT) | |
| Date of publication, distribution, etc | 2016 |
| Place of publication, distribution, etc | New Delhi |
| Name of publisher, distributor, etc | Cambridge University Press |
| 270 ## - ADDRESS | |
| Address | 4843/24, 2nd floor,Anasari Road, Darya Ganj |
| City | New Delhi |
| Postal code | 110002 |
| 300 ## - PHYSICAL DESCRIPTION | |
| Dimensions | 23cm(pbk) |
| Extent | xxii,279p. : |
| Other physical details | ill. |
| 500 ## - GENERAL NOTE | |
| General note | includs index |
| 700 ## - ADDED ENTRY--PERSONAL NAME | |
| Personal name | Chandra, Kanchan |
| 942 ## - ADDED ENTRY ELEMENTS (KOHA) | |
| Item type | English Books |
| Source of classification or shelving scheme | Dewey Decimal Classification |
| Classification part | 320.954 |
| Call number suffix | DEM |
| Withdrawn status | Lost status | Not for loan | Collection code | Home library | Current library | Date acquired | Source of acquisition | Cost, normal purchase price | Full call number | Barcode | Copy number | Cost, replacement price | Koha item type |
|---|---|---|---|---|---|---|---|---|---|---|---|---|---|
| Non-fiction | Ashok Vihar | Ashok Vihar | 27/02/2018 | Uppal/14146/27.2.2017/EN/AV/473/15.2.2017/7.3.2017 | 495.00 | 320.954 DEM | B-664900 | 1 | 495.00 | English Books | |||
| Not For Loan | Non-fiction | D.B.Act.Division | Bawana | 28/12/2016 | DBAD/PUB | 495.00 | 320.954 DEM | EN-100459 | 1 | 495.00 | English Books | ||
| Non-fiction | Bawana | Bawana | 15/03/2017 | BPPD/EN/2016-17/307/24.11.2016/13925/07.12.2016/02.01.2017 | 495.00 | 320.954 DEM | B-649662 | 1 | 495.00 | English Books | |||
| Non-fiction | Central Library | Central Library | 15/03/2017 | BPPD/EN/2016-17/307/24.11.2016/13925/07.12.2016/02.01.2017 | 495.00 | 320.954 DEM | B-649657 | 1 | 495.00 | English Books | |||
| Non-fiction | Diz Area | Diz Area | 06/02/2023 | DBAD/PUB | 495.00 | 320.954 DEM | EN-119658 | 1 | 495.00 | English Books | |||
| Non-fiction | Janak Puri | Janak Puri | 15/03/2017 | BPPD/EN/2016-17/307/24.11.2016/13925/07.12.2016/02.01.2017 | 495.00 | 320.954 DEM | B-649660 | 1 | 495.00 | English Books | |||
| Non-fiction | New Police Line | New Police Line | 15/03/2017 | BPPD/EN/2016-17/307/24.11.2016/13925/07.12.2016/02.01.2017 | 495.00 | 320.954 DEM | B-649658 | 7 | 495.00 | English Books | |||
| Non-fiction | Patel Nagar | Patel Nagar | 15/03/2017 | BPPD/EN/2016-17/307/24.11.2016/13925/07.12.2016/02.01.2017 | 495.00 | 320.954 DEM | B-649659 | 1 | 495.00 | English Books | |||
| Non-fiction | Sarojini Nagar | Sarojini Nagar | 15/03/2017 | BPPD/EN/2016-17/307/24.11.2016/13925/07.12.2016/02.01.2017 | 495.00 | 320.954 DEM | B-649661 | 1 | 495.00 | English Books | |||
| Non-fiction | Shahdara Branch | Shahdara Branch | 15/03/2017 | BPPD/EN/2016-17/307/24.11.2016/13925/07.12.2016/02.01.2017 | 495.00 | 320.954 DEM | B-649663 | 1 | 495.00 | English Books |
